Library Logo

Pioneer International University Library Catalogue

Microbiological applications (Record no. 1170)

MARC details
000 -LEADER
fixed length control field 00328nam a22000977a 4500
005 - DATE AND TIME OF LATEST TRANSACTION
control field 20250901165247.0
008 - FIXED-LENGTH DATA ELEMENTS--GENERAL INFORMATION
fixed length control field 210301b ||||| |||| 00| 0 eng d
050 ## - LIBRARY OF CONGRESS CALL NUMBER
Classification number QR63 .B46
245 ## - TITLE STATEMENT
Title Microbiological applications
Remainder of title a laboratory manual in general microbiology
Statement of responsibility, etc. BENSON, HAROLD J.
942 ## - ADDED ENTRY ELEMENTS (KOHA)
Source of classification or shelving scheme Library of Congress Classification
Classification part QR63 .B46 .1990
Holdings
Withdrawn status Lost status Source of classification or shelving scheme Damaged status Not for loan Home library Current library Shelving location Date acquired Total checkouts Full call number Barcode Date last seen Price effective from Koha item type
    Library of Congress Classification     Main Library Main Library   03/01/2021   QR63 .B46 .1990 PIU0000687 03/01/2021 03/01/2021 Books
    Library of Congress Classification     Main Library Main Library   03/01/2021   QR63 .B46 .1990 PIU0000683 03/01/2021 03/01/2021 Books